000 00937nam a2200241 a 4500
001 39027
003 BD-RjUL
005 20211209052913.0
008 160404s2009 bg ||||e |||| 00| 0 ben d
020 _a984074491:
_cTk.270.00
035 _a(BD-RjUL)39138
040 _aBD-RjUL
_bben
_cBD-RjUL
041 _aben
082 _223
_a891.44
_bRAH 2009
100 _aরক্ষিতদস্তিদার, শিপ্রা
_9120481
245 _aহরপ্রসাদ শাস্ত্রীর সাহিত্যকর্ম /
_cশিপ্রা রক্ষিতদস্তিদার
260 _aঢাকা :
_bবাংলা একাডেমী,
_c২০০৯
300 _a[৮] ৩১২ পৃ.;
_c২২সে.মি.
504 _aনির্ঘণ্ট সম্বলিত
650 _aবাংলা সাহিত্য
_9120482
650 _aBengali literature
_9120483
942 _2ddc
_cBK
_01
999 _c39027
_d39027